[Event "Neumarkt am Wallersee op 16th"]
[Site "Neumarkt am Wallersee"]
[Date "2018.09.02"]
[Round "1"]
[White "Kottenhoff, Roland"]
[Black "Schein, Karl Heinz"]
[Result "0-1"]
[WhiteElo "2003"]
[BlackElo "2177"]
[PlyCount "46"]
[EventDate "2018.09.02"]
[EventType "swiss"]
[EventRounds "7"]
[EventCountry "AUT"]
[SourceTitle "CBM 186 Extra"]
[Source "ChessBase"]
[SourceDate "2018.08.24"]
[SourceVersion "1"]
[SourceVersionDate "2018.08.24"]
[SourceQuality "1"]

1. e4 e5 2. Nf3 Nc6 3. Bc4 Nf6 4. d3 Be7 5. Nc3 d6 6. a3 0-0 7. h3 Nd7 8. Qe2 Nb6 9. Be3 Nxc4 10. dxc4 f5 11. exf5 Bxf5 12. 0-0-0 Qe8 13. g4 Be6 14. Nd5 Bd8 15. Rhf1 a6 16. Ne1 Na5 17. c5 c6 18. Nb6 Bxb6 19. cxb6 Bc4 20. Nd3 e4 21. b4 exd3 22. cxd3 Nb3+ 23. Kc2 Nd4+ 0-1

[Event "Ortisei Server24 op 1st"]
[Site "Ortisei"]
[Date "2012.06.06"]
[Round "5"]
[White "Kottenhoff, Roland"]
[Black "Giuriato, Sergio"]
[Result "1/2-1/2"]
[WhiteElo "2138"]
[BlackElo "1994"]
[PlyCount "51"]
[EventDate "2012.06.02"]
[EventType "swiss"]
[EventRounds "9"]
[EventCountry "ITA"]
[SourceTitle "EXT 2014"]
[Source "ChessBase"]
[SourceDate "2013.11.20"]
[SourceVersion "1"]
[SourceVersionDate "2013.11.20"]
[SourceQuality "1"]

1. e4 Nc6 2. d4 d5 3. exd5 Qxd5 4. Nf3 e5 5. Nc3 Bb4 6. Bd2 Bxc3 7. Bxc3 e4 8. Ne5 Nxe5 9. dxe5 Ne7 10. Be2 Be6 11. 0-0 Qxd1 12. Raxd1 Nd5 13. Bd2 0-0 14. c4 Nb6 15. b3 Rfe8 16. f4 exf3 17. Bxf3 c6 18. Bc3 Rac8 19. a4 Nd7 20. Bd4 a6 21. a5 Rc7 22. Rf2 Nf8 23. h4 Rd7 24. Rfd2 Red8 25. h5 h6 26. Bc3 1/2-1/2

[Event "Liechtenstein op 30th"]
[Site "Triesen"]
[Date "2012.05.11"]
[Round "1"]
[White "Hyotyla, Tapio"]
[Black "Kottenhoff, Roland"]
[Result "0-1"]
[WhiteElo "1806"]
[BlackElo "2138"]
[PlyCount "88"]
[EventDate "2012.05.11"]
[EventType "swiss"]
[EventRounds "9"]
[EventCountry "LIE"]
[SourceTitle "CBM 148 Extra"]
[Source "ChessBase"]
[SourceDate "2012.06.22"]
[SourceVersion "1"]
[SourceVersionDate "2012.06.22"]
[SourceQuality "1"]

1. d4 Nf6 2. c4 c5 3. d5 e6 4. Nc3 exd5 5. cxd5 d6 6. e4 g6 7. Bd3 Bg7 8. Nge2 0-0 9. 0-0 a6 10. a4 Re8 11. Bg5 Qc7 12. Qd2 Nbd7 13. Bc2 Rb8 14. a5 b5 15. axb6 Nxb6 16. Rfb1 Nh5 17. Bd3 c4 18. Bc2 f6 19. Bh6 Bh8 20. Be3 Nd7 21. Ba4 Rf8 22. Nf4 Nxf4 23. Bxf4 Nc5 24. Bc2 f5 25. Ra2 Nb3 26. Qe3 Nd4 27. Bd1 Bg7 28. Bh6 Nb3 29. Bxg7 Qxg7 30. Bc2 f4 31. Qe1 f3 32. gxf3 Rxf3 33. Nd1 Qe5 34. Ne3 Rh3 35. Nf1 Qg5+ 36. Ng3 Qh6 37. Nf1 Bg4 38. Bd1 Qf4 39. Bxg4 Qxg4+ 40. Ng3 Nd4 41. Qd1 Nf3+ 42. Kg2 Rxh2+ 43. Kf1 Qh3+ 44. Ke2 Qxg3 0-1

[Event "Merano Gold Cup 40th"]
[Site "Merano"]
[Date "2012.04.??"]
[Round "6"]
[White "Aigner, Georg"]
[Black "Kottenhoff, Roland"]
[Result "0-1"]
[WhiteElo "2004"]
[BlackElo "2166"]
[PlyCount "88"]
[EventDate "2012.04.13"]
[EventType "swiss"]
[EventRounds "9"]
[EventCountry "ITA"]
[SourceTitle "EXT 2015"]
[Source "ChessBase"]
[SourceDate "2014.11.20"]
[SourceVersion "1"]
[SourceVersionDate "2014.11.20"]
[SourceQuality "1"]

1. e4 e5 2. Nf3 Nc6 3. Bb5 a6 4. Bxc6 dxc6 5. 0-0 Bg4 6. h3 h5 7. d3 Bxf3 8. Qxf3 Ne7 9. Bg5 f6 10. Be3 Qd7 11. Nc3 0-0-0 12. Bc5 Kb8 13. Rad1 Nc8 14. d4 Bxc5 15. dxc5 Qf7 16. Rd3 Ne7 17. Rfd1 Kc8 18. a4 a5 19. Qe3 Ng6 20. Ne2 Qc4 21. Rxd8+ Rxd8 22. Rxd8+ Kxd8 23. Qd3+ Qxd3 24. cxd3 Nf8 25. Nc1 Ne6 26. Nb3 b6 27. g3 Kd7 28. h4 b5 29. axb5 cxb5 30. c6+ Kxc6 31. Nxa5+ Kc5 32. Nb3+ Kb4 33. Nc1 Nc5 34. f4 Na4 35. d4 exd4 36. e5 fxe5 37. fxe5 Nc5 38. Kf1 Ne6 39. Ke2 Kc4 40. Nd3 Kd5 41. Nf4+ Kxe5 42. Nxh5 c5 43. g4 Nf4+ 44. Nxf4 Kxf4 0-1

[Event "Merano Gold Cup 40th"]
[Site "Merano"]
[Date "2012.04.??"]
[Round "3"]
[White "Kottenhoff, Roland"]
[Black "Pregl, Walter"]
[Result "1/2-1/2"]
[WhiteElo "2166"]
[BlackElo "2110"]
[PlyCount "90"]
[EventDate "2012.04.13"]
[EventType "swiss"]
[EventRounds "9"]
[EventCountry "ITA"]
[SourceTitle "EXT 2015"]
[Source "ChessBase"]
[SourceDate "2014.11.20"]
[SourceVersion "1"]
[SourceVersionDate "2014.11.20"]
[SourceQuality "1"]

1. e4 c5 2. Nf3 d6 3. d4 cxd4 4. Nxd4 Nf6 5. Nc3 a6 6. Bg5 e6 7. f4 Be7 8. Qf3 Qc7 9. Be2 Nbd7 10. 0-0-0 0-0 11. g4 Re8 12. h4 b5 13. a3 Rb8 14. Bxf6 Nxf6 15. g5 Nd7 16. h5 Nf8 17. Qg3 b4 18. axb4 Rxb4 19. f5 Qc5 20. f6 Rxd4 21. fxe7 Rxe7 22. Qh4 Rxd1+ 23. Nxd1 Re8 24. g6 fxg6 25. hxg6 h6 26. Bh5 Bb7 27. Kb1 Qe5 28. Qf2 Re7 29. Nc3 Bxe4 30. Nxe4 Qxe4 31. Rf1 Nd7 32. Qa7 Qc6 33. Be2 Qb6 34. Qa8+ Qb8 35. Qxa6 Nc5 36. Qc4 Nd7 37. Bg4 d5 38. Qc6 Nf8 39. Bh5 Qe8 40. Qc5 Rb7 41. Rf7 Qb8 42. Rxb7 Qxb7 43. Qd6 Qa7 44. Qe5 Qg1+ 45. Ka2 Qa7+ 1/2-1/2

[Event "Bad Woerishofen op 28th"]
[Site "Bad Woerishofen"]
[Date "2012.03.05"]
[Round "4"]
[White "Kottenhoff, Roland"]
[Black "Ellinger, Peter"]
[Result "0-1"]
[WhiteElo "2166"]
[BlackElo "2009"]
[PlyCount "50"]
[EventDate "2012.03.02"]
[EventType "swiss"]
[EventRounds "9"]
[EventCountry "GER"]
[SourceTitle "EXT 2019"]
[Source "ChessBase"]
[SourceDate "2018.10.10"]
[SourceVersion "1"]
[SourceVersionDate "2018.10.10"]
[SourceQuality "1"]

1. e4 e5 2. Nf3 Nc6 3. Bc4 Nf6 4. d3 Be7 5. c3 d6 6. h3 0-0 7. Qe2 Na5 8. Bb5 c6 9. Ba4 b5 10. Bc2 c5 11. 0-0 Nc6 12. Rd1 Qb6 13. Nbd2 a5 14. Nf1 Re8 15. Ng3 g6 16. Be3 d5 17. d4 dxe4 18. Nxe4 cxd4 19. cxd4 Nd5 20. Bb3 Nxe3 21. Qxe3 Bf5 22. Nc5 a4 23. Bxf7+ Kxf7 24. Nxe5+ Nxe5 25. Qxe5 Qc6 0-1